000 00879nam a2200241Ia 4500
003 OSt
005 20220923220628.0
006 a|||||r|||| 00| 0
007 ta
008 220922b |||||||| |||| 00| 0 hin d
024 _a188,071
037 _cTextual
040 _aARTS
_cARTS
_bhin
041 _2hin
_ahin
082 _aV273:51.N3<-L5, 152M6-;1
100 _aझा, कृपा कान्त, मठपति
_9164400
245 0 _aबिहार के अमर शहीदों का कहानियां
246 _aBihār ke amar shahīdoan kā kahāniyāan
260 _aनई दिल्ली
_b इतिहास शोध संस्थान
_c1986
300 _a100 पृ.
_ccm.
942 _hV273:51.N3<-L5, 152M6-;1
_cTEXL
_2CC
999 _c341147
_d341147